UBT Library

Coal combustion byproducts and environmental issues / (Record no. 41659)

000 -LEADER
fixed length control field 00901cam a22002894a 4500
001 - CONTROL NUMBER
control field 14041344
005 - DATE AND TIME OF LATEST TRANSACTION
control field 20180202074700.0
008 - FIXED-LENGTH DATA ELEMENTS--GENERAL INFORMATION
fixed length control field 050718s2006 nyua b 101 0 eng c
010 ## - LIBRARY OF CONGRESS CONTROL NUMBER
LC control number 2005930800
016 7# - NATIONAL BIBLIOGRAPHIC AGENCY CONTROL NUMBER
Record control number 976544733
Source GyFmDB
020 ## - INTERNATIONAL STANDARD BOOK NUMBER
International Standard Book Number 9780387258652 (hbk. : alk. paper)
020 ## - INTERNATIONAL STANDARD BOOK NUMBER
International Standard Book Number 0387258655 (hbk. : alk. paper)
035 ## - SYSTEM CONTROL NUMBER
System control number (OCoLC)ocm63514219
040 ## - CATALOGING SOURCE
Original cataloging agency OHX
Transcribing agency OHX
Modifying agency BAKER
-- CGU
-- DLC
041 ## - LANGUAGE CODE
Language code of text/sound track or separate title eng
042 ## - AUTHENTICATION CODE
Authentication code pcc
072 #7 - SUBJECT CATEGORY CODE
Subject category code TD
Source lcco
080 ## - UNIVERSAL DECIMAL CLASSIFICATION NUMBER
Universal Decimal Classification number 621.312132 KEN
082 00 - DEWEY DECIMAL CLASSIFICATION NUMBER
Classification number 621.312132 KEN
Edition number 22
100 ## - Rafti
Rafti 9
101 ## - Shkurtesa
Shkurtesa MJE
245 00 - TITLE STATEMENT
Title Coal combustion byproducts and environmental issues /
Statement of responsibility, etc Kenneth S. Sajwan ... [et al.], editors.
906 ## - LOCAL DATA ELEMENT F, LDF (RLIN)
a 7
b cbc
c pccadap
d 2
e ncip
f 20
g y-gencatlg
942 ## - ADDED ENTRY ELEMENTS (KOHA)
Source of classification or shelving scheme
Item type Books
Holdings
Withdrawn status Lost status Source of classification or shelving scheme Damaged status Not for loan Collection code Permanent location Current location Shelving location Date acquired Total Checkouts Full call number Barcode Date last seen Price effective from Koha item type
          Koleksioni i përgjithshem UBT - Lipjan UBT - Lipjan Koleksioni i përgjithshem 02/02/2018   621.312132 KEN 002-2997532 02/02/2018 02/02/2018 Books
UBT Library © 2015-2024. All rights reserved University Education for Business and Technology